00976nam a2200229 a 450000100100000000500170001000800410002704000250006808200170009310000360011024500570014626000340020330000210023749000700025849000290032865000660035783000730042383000360049604900090053295201880054199900170072900002371220250924073802.0101221s1984 dr 000 0 spa d aDO-SdBNPbspacBNPHU a322.1bP438i1 aPérez Memén, Fernado94883113aLa iglesia y el estado en Santo Domingo (1700-1853). aSanto Domingo :bUASD,c1984. a704 p. ;c22 cm.1 aPublicaciones de la Universidad Autónoma de Santo Domingo;v3001 aHistoria y sociedad;v61 4aIglesia católica en república dominicanaxHistoria948832 aPublicaciones de la Universidad Autónoma de Santo Domingov300952 0aHistoria y sociedad;v61913749 aBNGR 0010718PDaPDbPDcHDd2011-06-15iLF1l0o322.1 P438ip23712-10r2020-06-25w2020-06-25yLFPDzPerteneció a la biblioteca personal de Aída Cartagena Portalatín.ZNo se presta c23208d23208